LGBTQ+ Pride flags - Statistics

General Stats
  • This quiz has been taken 1,083 times
  • The average score is 13 of 15
Answer Stats
Picture Answer % Correct
Bisexual
98%
Lesbian
97%
Transgender
96%
Pansexual
95%
Gay
94%
Asexual
93%
Non Binary
88%
Pride
86%
Intersex
84%
Demiboy
81%
Demigirl
81%
Aromantic
75%
Polysexual
67%
Agender
64%
Omnisexual
62%
No matching quizzes found
Score Distribution
Percent of People with Each Score
Percentile by Number Answered
Your Score History
You have not taken this quiz